Praktische violinschule
Guardat en:
| Autor principal: | |
|---|---|
| Format: | Partitura Llibre |
| Idioma: | anglès alemany francès |
| Publicat: |
Zurich
Hug
1900
|
| Matèries: | |
| Etiquetes: |
Afegir etiqueta
Sense etiquetes, Sigues el primer a etiquetar aquest registre!
|
MARC
| LEADER | 00000ncm a2200000 a 4500 | ||
|---|---|---|---|
| 001 | UCN7123 | ||
| 003 | CL-VaPUC | ||
| 005 | 20250228122902.0 | ||
| 008 | 011012e19000000SZ |||||||||||||||||eng|d | ||
| 999 | |c 297639 |d 297637 | ||
| 040 | |c Pontificia Universidad Católica de Valparaíso | ||
| 041 | 0 | 7 | |a eng |2 CL-VaPUC |
| 041 | 0 | 7 | |a ger |2 CL-VaPUC |
| 041 | 0 | 7 | |a fre |2 CL-VaPUC |
| 082 | 0 | 4 | |a Vn787.2193 KUC 1900 |2 21 |
| 100 | |a Küchler, Ferdinand |e author |9 627336 | ||
| 245 | 1 | 0 | |a Praktische violinschule |
| 260 | |a Zurich |b Hug |c 1900 | ||
| 300 | |a v | ||
| 583 | |a last modification |c 20011012 00:00:00 |k Rodrigo Vera | ||
| 650 | 0 | |a Violín |x Estudio y ejercicios |9 462626 | |
| 650 | 0 | |a Violín |x Técnicas de ejecución |9 462624 | |
| 650 | 0 | |a Violín |x Estudio e instrucción |9 462623 | |
| 942 | |c BK |2 ddc | ||
| 945 | |d 20011012 00:00:00 |a lriquelm | ||
| 952 | |0 0 |1 0 |2 ddc |4 0 |6 VN_787_219300000000000_KUC_1900 |7 0 |8 F |9 352554 |a BIBEDU |b BIBEDU |d 2019-11-21 |h v.1 p.2 |i 1171674 |o Vn787.2193 KUC 1900 |p 1171674 |r 2023-11-22 |w 2019-11-21 |y PA |k MUS | ||